000 00921nam a2200301Ia 4500
001 Para_7288
003 CHAP
008 220125s1939 xx 000 0 und d
010 _a206176
040 _cCHAP
082 _aPA-C 631.81 B86
100 _aCralley, E. M.
_9172388
245 _aEffects of fertilizer on stem rot of rice /
_c by E. M. Cralley
260 _aFayetteville, Ark. :
_b University of Arkansas . Agricultural Experiment Station
300 _a17 p.
440 _aBulletin ; 383
_9172389
500 _aEnc. con impresos similares
650 _aArroz
_x enfermedades
_97600
650 _aFertilizantes
_x colecciones de escritos
_9172309
650 _aFertilizantes
_x efecto en arroz
_940479
901 _aPA-C 631.81 B86
902 _aA
905 _a0000001939 0000000000 00
910 _a1939
942 _cPARA
942 _cPARA
_d1
999 _c206176
_d206176